| 000 | 01419nam a2200433 i 4500 | ||
|---|---|---|---|
| 001 | 2167 | ||
| 003 | KOSZ 005 | ||
| 005 | 20200117090724.0 | ||
| 008 | 080329s1964 pl a |000 0 pol | ||
| 015 | _aPB 1964/8242 | ||
| 035 | _a991041072029705066 | ||
| 035 | _a(PL-WaBN)b20967366-48omnis_nlop | ||
| 035 | _ab20967366 | ||
| 035 | _a(OCoLC)749823413 | ||
| 035 | _a(PL)b0000002096736 | ||
| 035 | _a(EXLNZ-48OMNIS_NETWORK)9910179364305606 | ||
| 040 |
_aWA N _cWA N _dKOSZ 005/HR |
||
| 046 | _k1939 | ||
| 080 | _a53 | ||
| 080 | _a(075.8) | ||
| 100 | 1 |
_aJeżewski, Mieczysław _d(1890-1971) _eAutor |
|
| 245 | 1 | 0 |
_aFizyka : _bpodręcznik dla wyższych szkół technicznych / _cMieczysław Jeżewski. |
| 250 | _aWyd. 8 popr. i uzup. | ||
| 260 |
_aWarszawa : _bPaństwowe Wydawnictwo Naukowe, _c1964. |
||
| 300 |
_a764 s. : _bil., err. ; _c23 cm. |
||
| 336 |
_2rdacontent _aTekst _btxt |
||
| 337 |
_2rdamedia _aBez urządzenia pośredniczącego _bn |
||
| 338 |
_2rdacarrier _aWolumin _bnc |
||
| 380 | _aKsiążki | ||
| 380 | _aPublikacje dydaktyczne | ||
| 385 |
_mPoziom nauczania _aSzkoły wyższe |
||
| 388 | _a1901-2000 | ||
| 650 | 7 |
_aFizyka _2DBN |
|
| 655 | 7 |
_aPodręczniki akademickie _2DBN |
|
| 658 | _aFizyka i astronomia | ||
| 856 |
_uhttp://koha.tu.koszalin.pl/cgi-bin/koha/opac-detail.pl?biblionumber=2167 _yKatalog online BPK |
||
| 942 |
_2UKD _cKS |
||
| 999 |
_c2167 _d2167 |
||